| 000 | 01029pam a2200205 a 4500 | ||
|---|---|---|---|
| 020 | _a0872628191 | ||
| 082 | 0 | 0 |
_a629.1363 _bAIR _cL-39, P-190 |
| 245 | 0 | 0 |
_aAircraft/pavement interaction : _ban integrated system : proceedings of the conference / _csponsored by the Airfield Pavement Committee, Air Transport Division, American Society of Civil Engineers ; co-sponsored by the U.S. Army Corps of Engineers [and] U.S. Air Force ; hosted by the Kansas City Section ASCE, Holiday Inn Crowne Plaza Hotel, Kansas City, Missouri, September 4-6, 1991 ; edited by Paul T. Foxworthy. |
| 260 |
_aNew York, N.Y. : _bASCE, _cc1991. |
||
| 300 |
_avi, 423 p. : _bill. ; _c22 cm. |
||
| 526 |
_a0 _b0 _c0 _d629_136300000000000_AIR |
||
| 650 | 0 |
_aMCE _9379 |
|
| 650 | 0 |
_aPavements _xCongresses. _921178 |
|
| 650 | 0 |
_aRunways (Aeronautics) _xCongresses. _944366 |
|
| 700 | 1 |
_aFoxworthy, Paul T. _944367 |
|
| 710 | 1 |
_aUnited States. _921185 |
|
| 710 | 1 |
_aUnited States. _921185 |
|
| 710 | 2 |
_aAmerican Society of Civil Engineers. _9702 |
|
| 942 |
_2ddc _cBK |
||
| 999 |
_c548178 _d548178 |
||